000 00196nmm a2200085Ia 4500
008 220120s9999||||xx |||||||||||||||||und||
100 _aEmbedded For You
245 0 _aDigital edition
260 _c2013
999 _c139880
_d139880